| 000 | 00951nam a2200229Ia 4500 | ||
|---|---|---|---|
| 003 | IN-BaIIA | ||
| 008 | 211028s9999 xx 000 0 eng d | ||
| 020 | _a0-8194-0196-X | ||
| 040 | _cIIA Library | ||
| 080 |
_a535(082.1) _bSPI-1160 |
||
| 111 |
_aSociety of Photo-Optical Instrumentation Engineers Conference _cCalifornia _d1989 Aug. 07-11 _917092 |
||
| 245 | 0 |
_aX-Ray/ EUV optics for astronomy and microscopy _bproceedings of the SPIE held in Sandiago, California, on 07-11 August 1989 _cedited by Richard B. Hoover |
|
| 260 |
_aWashington _bSociety of Photo-Optical Instrumentation Engineers _c1989 |
||
| 300 | _ax, 669p. | ||
| 490 | _aSPIE proceedings series; v. 1160 | ||
| 650 | _aAstronomy and Astrophysics Thesaurus | ||
| 650 |
_aUltraviolet astronomy _96323 |
||
| 650 |
_aX-Ray astronomy _97473 |
||
| 650 |
_aX-Ray Optics. EUV Optics _917093 |
||
| 700 |
_aHoover, Richard B., ed. _917094 |
||
| 942 | _cBK | ||
| 999 |
_c10100 _d10100 |
||